<?xml version="1.0" encoding="UTF-8"?>
<record
    xmlns:xsi="http://www.w3.org/2001/XMLSchema-instance"
    xsi:schemaLocation="http://www.loc.gov/MARC21/slim http://www.loc.gov/standards/marcxml/schema/MARC21slim.xsd"
    xmlns="http://www.loc.gov/MARC21/slim">

  <leader>01619nam a22002057a 4500</leader>
  <datafield tag="999" ind1=" " ind2=" ">
    <subfield code="c">64145</subfield>
    <subfield code="d">64145</subfield>
  </datafield>
  <controlfield tag="003">Ge_BSU</controlfield>
  <controlfield tag="005">20260417174453.0</controlfield>
  <controlfield tag="008">260416s1966    ge ||||| |||| 00| 0 geo d</controlfield>
  <datafield tag="041" ind1=" " ind2=" ">
    <subfield code="a">geo</subfield>
  </datafield>
  <datafield tag="080" ind1=" " ind2=" ">
    <subfield code="a">323.33(479.2)(09) &#x10EE;-81</subfield>
  </datafield>
  <datafield tag="100" ind1=" " ind2=" ">
    <subfield code="a">&#x10EE;&#x10DD;&#x10E8;&#x10E2;&#x10D0;&#x10E0;&#x10D8;&#x10D0;, &#x10D7;&#x10D4;&#x10DC;&#x10D2;&#x10D8;&#x10D6;</subfield>
    <subfield code="9">27328</subfield>
  </datafield>
  <datafield tag="245" ind1=" " ind2=" ">
    <subfield code="a">&#x10DB;&#x10E0;&#x10D4;&#x10EC;&#x10D5;&#x10D4;&#x10DA;&#x10DD;&#x10D1;&#x10D8;&#x10E1; &#x10D2;&#x10D0;&#x10DC;&#x10D5;&#x10D8;&#x10D7;&#x10D0;&#x10E0;&#x10D4;&#x10D1;&#x10D0; &#x10D3;&#x10D0; &#x10DB;&#x10E3;&#x10E8;&#x10D0;&#x10D7;&#x10D0; &#x10D9;&#x10DA;&#x10D0;&#x10E1;&#x10D8;&#x10E1; &#x10E9;&#x10D0;&#x10DB;&#x10DD;&#x10E7;&#x10D0;&#x10DA;&#x10D8;&#x10D1;&#x10D4;&#x10D1;&#x10D0; XIX &#x10E1;&#x10D0;&#x10E3;&#x10D9;&#x10E3;&#x10DC;&#x10D8;&#x10E1; &#x10E1;&#x10D0;&#x10E5;&#x10D0;&#x10E0;&#x10D7;&#x10D5;&#x10D4;&#x10DA;&#x10DD;&#x10E8;&#x10D8; /</subfield>
    <subfield code="b">&#x10D3;&#x10D0;&#x10DB;&#x10DB;&#x10E3;&#x10E8;&#x10D0;&#x10D5;&#x10D4;&#x10D1;&#x10D4;&#x10DA;&#x10D8; &#x10DB;&#x10E0;&#x10D4;&#x10EC;&#x10D5;&#x10D4;&#x10DA;&#x10DD;&#x10D1;&#x10D8;&#x10E1; &#x10D2;&#x10D0;&#x10DC;&#x10D5;&#x10D8;&#x10D7;&#x10D0;&#x10E0;&#x10D4;&#x10D1;&#x10D0; / </subfield>
    <subfield code="c">&#x10D4;&#x10D3;&#x10D8;&#x10E8;&#x10D4;&#x10E0; &#x10EE;&#x10DD;&#x10E8;&#x10E2;&#x10D0;&#x10E0;&#x10D8;&#x10D0;; &#x10E1;&#x10D0;&#x10E5;. &#x10E1;&#x10E1;&#x10E0; &#x10DB;&#x10D4;&#x10EA;&#x10DC;. &#x10D0;&#x10D9;&#x10D0;&#x10D3;., &#x10D8;&#x10D5;. &#x10EF;&#x10D0;&#x10D5;&#x10D0;&#x10EE;&#x10D8;&#x10E8;&#x10D5;&#x10D8;&#x10DA;&#x10D8;&#x10E1; &#x10E1;&#x10D0;&#x10EE;. &#x10D8;&#x10E1;&#x10E2;&#x10DD;&#x10E0;&#x10D8;&#x10D8;&#x10E1;, &#x10D0;&#x10E0;&#x10E5;&#x10D4;&#x10DD;&#x10DA;. &#x10D3;&#x10D0; &#x10D4;&#x10D7;&#x10DC;&#x10DD;&#x10D2;&#x10E0;. &#x10D8;&#x10DC;-&#x10E2;&#x10D8;.</subfield>
  </datafield>
  <datafield tag="264" ind1=" " ind2=" ">
    <subfield code="a">&#x10D7;&#x10D1;&#x10D8;&#x10DA;&#x10D8;&#x10E1;&#x10D8; :</subfield>
    <subfield code="b">&#x10DB;&#x10D4;&#x10EA;&#x10DC;&#x10D8;&#x10D4;&#x10E0;&#x10D4;&#x10D1;&#x10D0;, </subfield>
    <subfield code="c">1966.</subfield>
  </datafield>
  <datafield tag="300" ind1=" " ind2=" ">
    <subfield code="a">227 &#x10D2;&#x10D5;. : </subfield>
    <subfield code="b">&#x10EA;&#x10EE;&#x10E0;&#x10D8;&#x10DA;., 1 &#x10E4;. &#x10EA;&#x10EE;&#x10E0;&#x10D8;&#x10DA;. ; </subfield>
    <subfield code="c">22 &#x10E1;&#x10DB;.</subfield>
  </datafield>
  <datafield tag="500" ind1=" " ind2=" ">
    <subfield code="a">&#x10DE;&#x10D0;&#x10E0;&#x10D0;&#x10DA;&#x10D4;&#x10DA;&#x10E3;&#x10E0;&#x10D8; &#x10D7;&#x10D0;&#x10D5;&#x10E4;&#x10E3;&#x10E0;&#x10EA;&#x10D4;&#x10DA;&#x10D8; &#x10E0;&#x10E3;&#x10E1;&#x10E3;&#x10DA; &#x10D4;&#x10DC;&#x10D0;&#x10D6;&#x10D4;.</subfield>
  </datafield>
  <datafield tag="504" ind1=" " ind2=" ">
    <subfield code="a">&#x10D1;&#x10D8;&#x10D1;&#x10DA;&#x10D8;&#x10DD;&#x10D2;&#x10E0;&#x10D0;&#x10E4;&#x10D8;&#x10D0; &#x10E2;&#x10D4;&#x10E5;&#x10E1;&#x10E2;&#x10D8;&#x10E1; &#x10E8;&#x10D4;&#x10DC;&#x10D8;&#x10E8;&#x10D5;&#x10DC;&#x10D4;&#x10D1;&#x10E8;&#x10D8;.</subfield>
  </datafield>
  <datafield tag="653" ind1=" " ind2=" ">
    <subfield code="a">&#x10D0;&#x10DB;&#x10D8;&#x10D4;&#x10E0;&#x10D9;&#x10D0;&#x10D5;&#x10D9;&#x10D0;&#x10E1;&#x10D8;&#x10D8;&#x10E1; &#x10DB;&#x10E0;&#x10D4;&#x10EC;&#x10D5;&#x10D4;&#x10DA;&#x10DD;&#x10D1;&#x10D0;</subfield>
  </datafield>
  <datafield tag="710" ind1=" " ind2=" ">
    <subfield code="a">&#x10E1;&#x10D0;&#x10E5;&#x10D0;&#x10E0;&#x10D7;&#x10D5;&#x10D4;&#x10DA;&#x10DD;&#x10E1; &#x10E1;&#x10E1;&#x10E0; &#x10DB;&#x10D4;&#x10EA;&#x10DC;&#x10D8;&#x10D4;&#x10E0;&#x10D4;&#x10D1;&#x10D0;&#x10D7;&#x10D0; &#x10D0;&#x10D9;&#x10D0;&#x10D3;&#x10D4;&#x10DB;&#x10D8;&#x10D0;. </subfield>
    <subfield code="b">&#x10D4;&#x10D9;&#x10DD;&#x10DC;&#x10DD;&#x10DB;&#x10D8;&#x10D9;&#x10D8;&#x10E1;&#x10D0; &#x10D3;&#x10D0; &#x10E1;&#x10D0;&#x10DB;&#x10D0;&#x10E0;&#x10D7;&#x10DA;&#x10D8;&#x10E1; &#x10D8;&#x10DC;&#x10E1;&#x10E2;&#x10D8;&#x10E2;&#x10E3;&#x10E2;&#x10D8;.</subfield>
    <subfield code="9">27329</subfield>
  </datafield>
  <datafield tag="942" ind1=" " ind2=" ">
    <subfield code="2">udc</subfield>
    <subfield code="c">&#x1CAC;&#x1C98;&#x1C92;&#x1C9C;&#x1C98;</subfield>
  </datafield>
  <datafield tag="952" ind1=" " ind2=" ">
    <subfield code="0">0</subfield>
    <subfield code="1">0</subfield>
    <subfield code="2">udc</subfield>
    <subfield code="4">0</subfield>
    <subfield code="6">33845479209_&#x10EE;81</subfield>
    <subfield code="7">0</subfield>
    <subfield code="9">106011</subfield>
    <subfield code="a">CPL</subfield>
    <subfield code="b">CPL</subfield>
    <subfield code="c">GEN</subfield>
    <subfield code="d">2026-04-16</subfield>
    <subfield code="g">2.44</subfield>
    <subfield code="o">338.45(479.2)(09) &#x10EE;-81</subfield>
    <subfield code="p">74304</subfield>
    <subfield code="r">2026-04-16</subfield>
    <subfield code="t">74304</subfield>
    <subfield code="w">2026-04-16</subfield>
    <subfield code="y">&#x1CAC;&#x1C98;&#x1C92;&#x1C9C;&#x1C98;</subfield>
    <subfield code="z">2 &#x10DA;. 44 &#x10D7;.</subfield>
  </datafield>
</record>
